01016nam a2200241 i 4500003001000000005001700010007000300027008004100030040003500071041000800106082003600114100002600150245015800176250002200334264006400356300008200420336002700502337003300529338002800562520013400590650003200724650001800756CO-BoRNBP20250131113055.0ta250131s2015 Uy a|||| |||| 00| 0 spa d aCO-BoRNBPbSPAcCO-BoRNBPeRDA aspa 2Primera edicióna736.982 M23o1 aMeinking, Maryeautor1 aOrigami fácil:bUna guía paso a paso para niños/cMary Meinking; ilustraciones, Chris Alexander; traducción al español, Equipo Editorial Cypres aPrimera edición 4aMontevideo, Uruguay,b©Latinbooks International S.A.c2015 a112 páginas, bilustraciones a color, tapa blanda, calto 25 cm ancho 18 cm 2rdacontentatextobtxt 2rdamediaasin mediaciónbn 2rdacarrieravolumenbnc a35 fabulosos modelos explicados paso a paso, una obra ideal para desarrollar las habilidades manuales y creativas de los niños. 2LEMBaManualidades en papel 2LEMBaOrigami